000 00418nam a2200181Ia 4500
005 20240823043733.0
008 240823s9999||||xx |||||||||||||| ||und||
041 _aENGLISH
082 _A823.912 K9
100 _aJames Hadley Chase
245 4 _aThe way the Cookie Crumbles
250 _a1st
260 _c1969
_b#VALUE!
500 _aTRANSFERED
650 _aEnglish
_bEnglish
942 _cBK
999 _c210923
_d210923